शब्द सितारे/ (Record no. 204300)

MARC details
000 -LEADER
fixed length control field 00762nam a22001817a 4500
005 - DATE AND TIME OF LATEST TRANSACTION
control field 20240723123003.0
010 ## - LCCN (DPL NO)
LC control number HIN-128037
020 ## - INTERNATIONAL STANDARD BOOK NUMBER
International Standard Book Number 978-93-89625-73-8
Terms of availability 400.00
035 ## - SYSTEM CONTROL NUMBER
System control number HN-100383
037 ## - SOURCE OF ACQUISITION
Source of stock number/acquisition DBAD
100 ## - MAIN ENTRY--PERSONAL NAME
Personal name अंक ज्योति
245 ## - TITLE STATEMENT
Title शब्द सितारे/
Statement of responsibility, etc राजेश वर्मा
250 ## - EDITION STATEMENT
Edition statement 1
260 ## - PUBLICATION, DISTRIBUTION, ETC. (IMPRINT)
Place of publication, distribution, etc न्यू दिल्ली
Name of publisher, distributor, etc भोले प्रिंटिंग प्रेस , मौजपुर
Date of publication, distribution, etc 2021
270 ## - ADDRESS
Address 600/5-ए , आदर्श महोल्ला , गली न0 15
City न्यूदिल्ली
Postal code 110053
300 ## - PHYSICAL DESCRIPTION
Extent 241पृष्ठ;
Dimensions 21सेमी(अजिल्द)
942 ## - ADDED ENTRY ELEMENTS (KOHA)
Source of classification or shelving scheme Dewey Decimal Classification
Item type Hindi Books
Classification part बादल र
Call number suffix 928.54

No items available.


© Delhi Public Library
Hit Counter
free hit counter